000 00279nam a22001097a 4500
041 _aeng
080 _a80
100 _aГалай, О. М.
245 _aСборник упраж. и текстов по переводу с нем. язык..
650 _aGerman
999 _c279367
_d279367
942 _cBK